Toán kinh tế phổ thông Phương pháp sơ đồ mạng lưới

Đã lưu trong:
書目詳細資料
主要作者: Chu Tân
格式: 圖書
語言:Undetermined
出版: Hà Nội ĐH và THCN 1975
主題:
標簽: 添加標簽
沒有標簽, 成為第一個標記此記錄!
Thư viện lưu trữ: Trung tâm Học liệu Trường Đại học Cần Thơ
LEADER 00605nam a2200193Ia 4500
001 CTU_5469
008 210402s9999 xx 000 0 und d
082 |a 330.1543 
082 |b T121/T.3 
100 |a Chu Tân 
245 0 |a Toán kinh tế phổ thông 
245 0 |b Phương pháp sơ đồ mạng lưới 
245 0 |c Chu Tân 
260 |a Hà Nội 
260 |b ĐH và THCN 
260 |c 1975 
650 |a accounting - problems, exercises,economics, mathematical 
904 |i Nguyễn Quang Điền, 960717 
980 |a Trung tâm Học liệu Trường Đại học Cần Thơ